An Arabic-English vocabulary of the colloquial Arabic of Egypt, containing the vernacular idioms and expressions, slang, phrases, etc., etc., used by the native Egyptians :
محفوظ في:
المؤلف الرئيسي:
التنسيق: كتاب
اللغة: Undetermined
منشور في:
Cairo :
Al-Mokattam printing office,
1895.
الموضوعات:
الوسوم: إضافة وسم
لا توجد وسوم, كن أول من يضع وسما على هذه التسجيلة!
رقم الطلب: (Ref.) PJ6795 .S6
| LEADER | 00733nam a2200157Ia 4500 | ||
|---|---|---|---|
| 008 | 220712s9999||||xx |||||||||||||| ||und|| | ||
| 050 | 4 | |a (Ref.) PJ6795 .S6 | |
| 100 | 1 | |a Spiro, Socrates, bey. | |
| 245 | 1 | 3 | |a An Arabic-English vocabulary of the colloquial Arabic of Egypt, containing the vernacular idioms and expressions, slang, phrases, etc., etc., used by the native Egyptians : |
| 264 | 1 | |a Cairo : |b Al-Mokattam printing office, |c 1895. | |
| 300 | |a p. : |b ; |c cm. | ||
| 555 | 4 | |o (Ref.) PJ6795 .S6 | |
| 650 | |a English language Dictionaries Arabic. | ||
| 650 | 4 | |a Arabic language Dictionaries English. | |
| 952 | |0 0 |1 0 |2 lcc |4 0 |7 1 |9 41863 |a ARCE |b ARCE |d 2022-07-21 |l 0 |o (Ref.) PJ6795 .S6 |p 1033969 |r 2022-07-21 00:00:00 |w 2022-07-21 |y BK | ||
| 999 | |c 48842 |d 48842 | ||
